Southville International School and Colleges
Your cart is empty.
  • Cart
  • Lists
    Public lists Eva Luna New books Lux_list list_1
    Your lists Log in to create your own lists
  • Log in to your account
  • Your cookies
  • Search history
Southville International School and Colleges
  • Advanced search
  • Recent comments
  • Most popular
  • Libraries

Log in to your account

Log in with GOOGLE


If you do not have an external account, but do have a local account, you can still log in:

  1. Home
  2. MARC view: The 5 love languages of children
Normal view MARC view ISBD view

The 5 love languages of children (Record no. 366197)

[ view plain ]
MARC details
000 -LEADER
fixed length control field 00685nam a22002177a 4500
003 - CONTROL NUMBER IDENTIFIER
control field 0
005 - DATE AND TIME OF LATEST TRANSACTION
control field 20240910101903.0
008 - FIXED-LENGTH DATA ELEMENTS--GENERAL INFORMATION
fixed length control field 240910b xxu||||| |||| 00| 0 eng d
082 ## - DEWEY DECIMAL CLASSIFICATION NUMBER
Classification number TR 649.1
Item number Ch466 2014
100 ## - MAIN ENTRY--PERSONAL NAME
Personal name Chapman, Gary
245 ## - TITLE STATEMENT
Title The 5 love languages of children
Statement of responsibility, etc written by Gary Chapman
260 ## - PUBLICATION, DISTRIBUTION, ETC. (IMPRINT)
Place of publication, distribution, etc Makati City
Name of publisher, distributor, etc Church Strengthening Ministry, Inc. Publishing
Date of publication, distribution, etc c2014
300 ## - PHYSICAL DESCRIPTION
Extent 212 pages :
Other physical details ill. :
Dimensions 21cm.
500 ## - GENERAL NOTE
General note Includes the love language mystery game.
504 ## - BIBLIOGRAPHY, ETC. NOTE
Bibliography, etc Includes bibliographical references.
650 ## - SUBJECT ADDED ENTRY--TOPICAL TERM
Topical term or geographic name as entry element Child psychology.
650 ## - SUBJECT ADDED ENTRY--TOPICAL TERM
Topical term or geographic name as entry element Parent and child.
650 ## - SUBJECT ADDED ENTRY--TOPICAL TERM
Topical term or geographic name as entry element Child rearing.
700 ## - ADDED ENTRY--PERSONAL NAME
Personal name Campbell, Ross
942 ## - ADDED ENTRY ELEMENTS (KOHA)
Source of classification or shelving scheme Dewey Decimal Classification
Koha item type Books
Holdings
Withdrawn status Lost status Source of classification or shelving scheme Damaged status Home library Current library Shelving location Date acquired Source of acquisition Sub Shelving location Total Checkouts Full call number Barcode Date last seen Price effective from Koha item type
    Dewey Decimal Classification   Munich Library Munich Library Teachers Reference Section 09/10/2024 Library Fund     TR 649.1 Ch466 2014 M8470 09/10/2024 09/10/2024 Books

The 5 love languages of children

APA

Chapman G., Campbell R., . (2014). The 5 love languages of children. Makati City: Church Strengthening Ministry, Inc. Publishing.

Chicago

Chapman Gary, Campbell Ross, . 2014. The 5 love languages of children. Makati City: Church Strengthening Ministry, Inc. Publishing.

Harvard

Chapman G., Campbell R., . (2014). The 5 love languages of children. Makati City: Church Strengthening Ministry, Inc. Publishing.

MLA

Chapman Gary, Campbell Ross, . The 5 love languages of children. Makati City: Church Strengthening Ministry, Inc. Publishing. 2014.

  • Place hold
  • Print
  • Cite
  • Add to your cart (remove)
  • Save record
    BIBTEX Dublin Core MARCXML MARC (non-Unicode/MARC-8) MARC (Unicode/UTF-8) MARC (Unicode/UTF-8, Standard) MODS (XML) RIS
  • More searches
    Search for this title in:
    Other Libraries (WorldCat) Other Databases (Google Scholar) Online Stores (Bookfinder.com) Open Library (openlibrary.org)

Exporting to Dublin Core...

SOUTHVILLE LIBRARY

Southville International School and Colleges Library

1281 Tropical Ave. Cor. Luxembourg St., BF Homes International, Las Pinas City

Tel. No. 8256374 / 252358 Loc. 117/146

Powered by Koha